[Event "68th Warsaw-ch-A 2019"]
[Site "Warsaw"]
[Date "2019.11.18"]
[Round "8.2"]
[White "Deszczynski, Adam"]
[Black "Chomczyk, Marek"]
[Result "1-0"]
[WhiteElo "2291"]
[BlackElo "2282"]
[Annotator "RC"]
[PlyCount "145"]
[EventDate "2019.11.14"]
[EventType "swiss"]
[EventCountry "POL"]
[SourceTitle "playchess.com"]
[Source "ChessBase"]
[SourceQuality "1"]
[TimeControl "5400+30"]

1. d4 {[%emt 0:00:13]} Nf6 {[%emt 0:00:00]} 2. Nf3 {[%emt 0:01:28]} d5 {[%emt 0:00:23]} 3. c4 {[%emt 0:00:57]} e6 {[%emt 0:00:09]} 4. g3 {[%emt 0:01:57]} Be7 {[%emt 0:00:17]} 5. Bg2 {[%emt 0:00:24]} O-O {[%emt 0:00:09]} 6. O-O {[%emt 0:00:24]} dxc4 {[%emt 0:00:58]} 7. Qc2 {[%emt 0:01:35]} a6 {[%emt 0:00:09]} 8. a4 {[%emt 0:10:59]} Bd7 {[%emt 0:00:07]} 9. Rd1 {[%emt 0:00:41]} Bc6 {[%emt 0:00:09]} 10. Nc3 {[%emt 0:00:30]} Bxf3 {[%emt 0:00:20]} 11. Bxf3 {[%emt 0:00:10]} Nc6 {[%emt 0:00:28]} 12. Bxc6 {[%emt 0:04:15]} bxc6 {[%emt 0:00:08]} 13. a5 {[%emt 0:07:14]} Qb8 {[%emt 0:05:45]} 14. Ra4 {[%emt 0:12:51]} Qb3 {[%emt 0:03:05]} 15. Qxb3 {[%emt 0:01:01]} cxb3 {[%emt 0:00:09]} 16. Rc4 {[%emt 0:00:36]} Rfd8 {[%emt 0:08:14]} 17. Bf4 {[%emt 0:12:31]} Nd5 {[%emt 0:14:24]} 18. Nxd5 {[%emt 0:08:26]} Rxd5 {[%emt 0:02:54]} 19. Bxc7 {[%emt 0:07:26]} Rc8 {[%emt 0:07:21]} 20. e4 {[%emt 0:03:27]} Rd7 {[%emt 0:36:19]} 21. Bb6 {[%emt 0:00:36]} f5 {[%emt 0:01:07]} 22. f3 {[%emt 0:08:02]} fxe4 {[%emt 0:00:08]} 23. fxe4 {[%emt 0:00:02]} Bf6 {[%emt 0:03:05]} 24. Rdc1 {[%emt 0:02:50]} Rf8 {[%emt 0:02:34]} 25. e5 {[%emt 0:01:41]} Bg5 {[%emt 0:00:31]} 26. Rf1 {[%emt 0:00:37]} Be3+ {[%emt 0:04:55]} 27. Kg2 {[%emt 0:00:09]} Rdf7 {[%emt 0:04:11]} 28. Rxf7 {[%emt 0:01:22]} Rxf7 {[%emt 0:00:01]} 29. Rc3 {[%emt 0:00:25]} Rf2+ {[%emt 0:00:08]} 30. Kh3 {[%emt 0:00:02]} Re2 {[%emt 0:00:54]} 31. d5 {[%emt 0:00:50]} c5 {[%emt 0:03:28]} 32. d6 {[%emt 0:01:24]} Bg5 {[%emt 0:00:40]} 33. Rxb3 {[%emt 0:02:17]} Rxe5 {[%emt 0:00:08]} 34. Rd3 {[%emt 0:00:14]} c4 {[%emt 0:01:08]} 35. Rd1 {[%emt 0:03:14]} Re2 {[%emt 0:00:42]} 36. d7 {[%emt 0:01:23]} Rxb2 {[%emt 0:00:07]} 37. Kg4 {[%emt 0:00:59]} Rb5 {[%emt 0:01:57]} 38. h4 {[%emt 0:00:24]} Be7 {[%emt 0:00:55]} 39. d8=Q+ {[%emt 0:01:34]} Bxd8 {[%emt 0:00:02]} 40. Rxd8+ {[%emt 0:00:20]} Kf7 {[%emt 0:00:01]} 41. Rd7+ {[%emt 0:01:43]} Kf6 {[%emt 0:00:09]} 42. Rc7 {[%emt 0:00:34]} h5+ {[%emt 0:00:34]} 43. Kh3 {[%emt 0:00:30]} Rb4 {[%emt 0:00:40]} 44. Bd4+ {[%emt 0:00:08]} Kf5 {[%emt 0:00:33]} 45. Rc5+ {[%emt 0:01:39]} Ke4 {[%emt 0:01:06]} 46. Bxg7 {[%emt 0:00:17]} Kf3 {[%emt 0:00:31]} 47. Rc7 {[%emt 0:00:33]} Rb1 {[%emt 0:00:31]} 48. Rf7+ {[%emt 0:00:15]} Ke4 {[%emt 0:00:04]} 49. Rf4+ {[%emt 0:00:58]} Kd5 {[%emt 0:00:06]} 50. Rd4+ {[%emt 0:00:35]} Kc5 {[%emt 0:00:05]} 51. Rd8 {[%emt 0:00:33]} Rb5 {[%emt 0:00:15]} 52. Bc3 {[%emt 0:00:38]} Rb3 {[%emt 0:00:06]} 53. Rc8+ {[%emt 0:00:46]} Kd5 {[%emt 0:00:11]} 54. Bf6 {[%emt 0:00:40]} e5 {[%emt 0:00:25]} 55. Re8 {[%emt 0:00:32]} Re3 {[%emt 0:00:13]} 56. Kg2 {[%emt 0:00:36]} c3 {[%emt 0:01:49]} 57. Kf2 {[%emt 0:00:22]} Re4 {[%emt 0:01:06]} 58. Rc8 {[%emt 0:00:24]} Kd4 {[%emt 0:00:06]} 59. Bg5 {[%emt 0:01:08]} Kd3 {[%emt 0:00:09]} 60. Rd8+ {[%emt 0:00:29]} Kc2 {[%emt 0:02:29]} 61. Rd6 {[%emt 0:00:25]} Rd4 {[%emt 0:00:39]} 62. Rxa6 {[%emt 0:00:07]} Kd3 {[%emt 0:00:23]} 63. Rc6 {[%emt 0:00:25]} e4 {[%emt 0:00:18]} 64. a6 {[%emt 0:00:33]} Rd7 {[%emt 0:00:05]} 65. Ke1 {[%emt 0:00:58]} Rd5 {[%emt 0:01:03]} 66. a7 {[%emt 0:00:38]} Ra5 {[%emt 0:00:07]} 67. Rd6+ {[%emt 0:00:02]} Kc4 {[%emt 0:00:17]} 68. Be3 {[%emt 0:00:03]} c2 {[%emt 0:00:18]} 69. Kd2 {[%emt 0:00:21]} Ra2 {[%emt 0:01:22]} 70. Rd8 {[%emt 0:00:25]} c1=N+ {[%emt 0:00:10]} 71. Kxc1 {[%emt 0:00:16]} Kc3 {[%emt 0:00:06]} 72. a8=Q {[%emt 0:00:29]} Ra4 {[%emt 0:00:08]} 73. Bd2+ {[%emt 0:00:34]} 1-0

[Event "68th Warsaw-ch-A 2019"]
[Site "Warsaw"]
[Date "2019.11.18"]
[Round "8.3"]
[White "Sliwerski, Radoslaw"]
[Black "Kowalski, Igor"]
[Result "1/2-1/2"]
[WhiteElo "2091"]
[BlackElo "2346"]
[Annotator "TA"]
[PlyCount "57"]
[EventDate "2019.11.14"]
[EventType "swiss"]
[EventCountry "POL"]
[SourceTitle "playchess.com"]
[Source "ChessBase"]
[SourceQuality "1"]

{[%evp 18,57,31,32,33,26,48,0,0,0,0,-26,81,77,87,62,75,83,86,55,104,56,136,132,160,137,155,154,158,149,172,162,176,147,151,132,130,123,212,193,253,240]} 1. d4 Nf6 2. c4 g6 3. g3 Bg7 4. Bg2 O-O 5. Nf3 c6 6. Nc3 d5 7. Qb3 dxc4 8. Qxc4 Na6 9. O-O Be6 10. Qa4 Nc7 {[%cal Ba6c7,Bc7d5,Bd5c3][%mdl 32] D78: Fianchetto Grünfeld: 6 0-0 c6} 11. Rd1 Ncd5 12. Ne5 $146 ({Predecessor:} 12. h3 Qb6 13. Ne1 Rfd8 14. e4 Nxc3 15. bxc3 Qb5 16. Qxb5 cxb5 17. Ba3 {½-½ (41) Mamedyarov,S (2801)-Svidler,P (2753) Biel 2018}) 12... Nxc3 {The position is equal.} 13. bxc3 Nd5 14. Qc2 Nb6 (14... Qa5 $11 {remains equal.}) 15. Nd3 $16 Bf5 16. e4 Bg4 17. f3 Bc8 18. Kh1 Kh8 19. a4 a5 (19... Nc4 $1 $14) 20. Rb1 Nd7 21. Be3 b6 22. c4 Ba6 23. e5 Rc8 24. f4 e6 25. Qb3 Qc7 26. Rbc1 Rfe8 27. Nf2 Bf8 (27... c5 $16) 28. Ne4 Red8 (28... Qa7 $142 29. c5 b5) 29. g4 {Accuracy: White = 59%, Black = 29%.} 1/2-1/2

[Event "68th Warsaw-ch-A 2019"]
[Site "Warsaw"]
[Date "2019.11.18"]
[Round "8.4"]
[White "Mis, Mieszko"]
[Black "Malec, Sebastian"]
[Result "1-0"]
[WhiteElo "2328"]
[BlackElo "2069"]
[Annotator "TA"]
[PlyCount "73"]
[EventDate "2019.11.14"]
[EventType "swiss"]
[EventCountry "POL"]
[SourceTitle "playchess.com"]
[Source "ChessBase"]
[SourceQuality "1"]

{[%evp 12,73,54,42,51,37,94,82,100,-10,39,33,83,68,87,84,68,62,110,22,102,102,120,122,131,130,160,94,94,93,129,128,120,139,126,122,130,136,134,135,121,126,123,128,128,119,305,306,395,400,397,381,532,505,728,708,871,865,842,839,1250,1213,29997,29998]} 1. Nf3 c5 2. c4 Nc6 3. Nc3 g6 4. e3 d6 5. d4 Bg4 6. Be2 Bg7 7. d5 Bxf3 {A35: Symmetrical English: 2 Nc3 Nc6 3 Nf3} 8. gxf3 Nb4 $146 (8... Bxc3+ $14 9. bxc3 Ne5) ({Predecessor:} 8... Nb8 9. f4 Nd7 10. Qd3 a6 11. a4 Qc7 12. Bd2 Ngf6 13. f5 gxf5 14. Rg1 Rg8 15. Qxf5 {½-½ (82) Indjic,A (2549)-Firman,N (2466) Golden Sands 2015}) 9. f4 Qd7 {White is better.} 10. Bg4 (10. h4 $16) 10... f5 (10... Bxc3+ $5 11. bxc3 Nd3+ 12. Kf1 f5 $11) 11. Bf3 Nf6 12. h4 h5 13. a3 Na6 14. Qd3 Ng4 15. Ne2 (15. Bd2 $16) 15... O-O-O (15... b5 $11) 16. Rb1 $16 b6 17. Bd2 Qb7 18. Rh3 Nc7 19. Nc3 (19. b4 $142) 19... Qa6 20. Be2 Qb7 21. f3 Nh6 22. Rg3 Bf6 23. Rxg6 Bxh4+ {[#]} 24. Kd1 $1 Rdg8 25. Rxg8+ Rxg8 26. Kc2 {Hoping for Rh1.} Bg3 27. Rh1 h4 28. Bf1 e5 $2 (28... Kb8 $16 {is a better defense.} 29. Kb1 a6) 29. Ne2 $18 e4 30. fxe4 Ng4 {[#] Threatens to win with ...Nf2.} 31. e5 Kb8 {intending ...Nf2.} 32. Nxg3 Nf2 33. Qxf5 Nxh1 34. Nxh1 dxe5 35. fxe5 Rg1 36. Bh3 {Intending Qf8+ and mate.} Rxh1 37. Qf8+ {Accuracy: White = 59%, Black = 30%.} 1-0

[Event "68th Warsaw-ch-A 2019"]
[Site "Warsaw"]
[Date "2019.11.18"]
[Round "8.5"]
[White "Wiech, Grzegorz"]
[Black "Jakubowska, Anna"]
[Result "1-0"]
[WhiteElo "2219"]
[BlackElo "2112"]
[Annotator "TA"]
[PlyCount "99"]
[EventDate "2019.11.14"]
[EventType "swiss"]
[EventCountry "POL"]
[SourceTitle "playchess.com"]
[Source "ChessBase"]
[SourceQuality "1"]

{[%evp 17,99,12,33,6,8,13,26,12,8,-19,17,10,28,0,0,0,0,0,0,-12,0,0,0,0,4,0,0,0,14,14,12,0,87,82,94,101,93,85,113,96,104,101,209,84,301,296,293,297,330,252,364,371,371,371,368,371,367,287,267,239,371,362,440,320,312,299,279,283,469,466,462,460,423,414,797,765,29945,29946,5613,661,29957,29956,29965,29966]} 1. e4 c6 2. d4 d5 3. Nd2 dxe4 4. Nxe4 Nf6 5. Nxf6+ exf6 6. Bc4 Bd6 7. Qe2+ Qe7 8. Qxe7+ Kxe7 9. Ne2 Be6 10. Bb3 {B15: Caro-Kann: 3 Nc3: 3...g6 and 3...dxe4 4 Nxe4 Nf6 5 Nxf6+ exf6} (10. Bd3 a5 11. Bf4 Nd7 12. O-O-O Nb6 13. Rhe1 Rhe8 14. Bxd6+ Kxd6 15. b3 a4 16. c4 Kc7 17. Kb2 axb3 18. axb3 {1-0 (61) Kokarev,D (2595)-Oparin,G (2612) Cheliabinsk 2018}) 10... Nd7 11. Bf4 $146 ({Predecessor:} 11. O-O Rhe8 12. Re1 Kf8 13. Bf4 Bxf4 14. Nxf4 Bxb3 15. axb3 f5 16. f3 Rxe1+ 17. Rxe1 Re8 {1-0 (43) Kurajica,B-Kholmov,R Skopje 1969}) 11... a5 12. Bxd6+ {White has an edge.} Kxd6 13. Nc3 Nb6 14. Ne4+ Kc7 15. Nc5 Rhe8 16. O-O-O Bxb3 17. axb3 Re2 18. Rd2 Rae8 (18... Re7 {looks sharper.} 19. Rdd1 Rae8 20. c3 Nd7 21. Nd3 f5) 19. Rxe2 Rxe2 $11 {[%mdl 4096] Endgame KRN-KRN} 20. Nd3 Nd5 21. Kd1 Re4 22. c3 b6 23. Kd2 Kd6 24. Ra1 Re7 (24... Nf4 $11 {keeps the balance.}) 25. c4 $16 Nc7 26. c5+ bxc5 27. dxc5+ Kd5 28. Rxa5 {aiming for Nb4+.} Nb5 29. Ra4 Nd4 (29... Rd7 $16) 30. Rc4 (30. Nf4+ $1 $18 {is the precise move to win.} Ke5 31. Ke3) 30... Re2+ $2 (30... Rd7 $16 {is a better defense.}) 31. Kd1 $1 $18 {Threatens to win with Nf4+.} Nxb3 {[#] Hoping for ...Rd2+.} 32. Rc3 $1 Rd2+ 33. Ke1 Kd4 (33... Rxd3 $142 34. Rxd3+ Nd4) 34. Nc1 Rxb2 35. Rxb3 Rxb3 36. Nxb3+ {KN-KP} Kc4 37. Nc1 Kxc5 38. Kd2 Kd4 (38... Kc4 $142 39. Ke3 f5) 39. Ne2+ Kc4 40. Kc2 f5 41. Ng3 g6 42. Nf1 h6 $2 (42... Kd4 {keeps fighting.} 43. Ng3 Kc4) 43. Nd2+ Kd4 44. Nf3+ Ke4 45. Kc3 f4 (45... Kd5 $142 46. h3 f4) 46. Kc4 g5 47. Nd2+ Ke5 48. Kc5 (48. f3 $142 Kd6 49. Ne4+ Ke7 50. Kc5) 48... g4 {[#]} 49. f3 $1 {[%cal Rf3g4]} h5 50. h4 {Accuracy: White = 57%, Black = 28%.} 1-0

[Event "68th Warsaw-ch-A 2019"]
[Site "Warsaw"]
[Date "2019.11.18"]
[Round "8.6"]
[White "Mickiewicz, Piotr"]
[Black "Janeczko, Jakub"]
[Result "1-0"]
[WhiteElo "2216"]
[BlackElo "1839"]
[Annotator "TA"]
[PlyCount "31"]
[EventDate "2019.11.14"]
[EventType "swiss"]
[EventCountry "POL"]
[SourceTitle "playchess.com"]
[Source "ChessBase"]
[SourceQuality "1"]

{[%evp 19,92,23,33,9,60,58,75,58,133,132,130,120,135,132,127,125,164,143,216,212,249,241,259,281,270,247,270,278,276,250,587,589,586,591,823,806,816,812,785,771,764,757,1154,1140,1037,1079,6414,1104,29994,12836,12845,12845,12845,12844,12845,12844,12845,12845,12845,12841,12840,0,12845,0,12839,12838,12845,1208,12844,12844,29992,12845,12844,12844,29999]} 1. Nf3 c5 2. g3 ({Predecessor:} 2. c4 Nf6 3. g3 Nc6 4. Bg2 d6 5. O-O g6 6. Nc3 {½-½ (11) Paunovic,D (2537)-Strikovic,A (2536) Sanxenxo 2009}) 2... Nc6 3. Bg2 g6 4. O-O Bg7 5. c4 Nf6 6. Nc3 d6 7. d4 cxd4 8. Nxd4 Bd7 9. b3 O-O 10. Bb2 Rc8 11. Rc1 $146 {E60: King's Indian: Unusual lines and Fianchetto Variation without Nc3} (11. Qd2 a6 12. Rac1 Nxd4 13. Qxd4 Bc6 14. Nd5 Bxd5 15. Bxd5 Rc7 16. Rfd1 Qb8 17. Bf3 Rfc8 18. Qe3 Ne8 19. Bxg7 Nxg7 {0-1 (39) Demuth,A (2545)-Adhiban,B (2674) Berlin 2015}) 11... Nxd4 (11... Qa5 $11) 12. Qxd4 $14 Bc6 13. Qxa7 {White is better.} Bxg2 (13... Ng4 $14 14. Bxc6 bxc6) 14. Kxg2 $16 Qd7 15. Qe3 Ng4 16. Qd3 {Played: Qe3-d2} 1-0

[Event "68th Warsaw-ch-A 2019"]
[Site "Warsaw"]
[Date "2019.11.18"]
[Round "8.8"]
[White "Poniewierski, Piotr"]
[Black "Sadowski, Miroslaw"]
[Result "*"]
[WhiteElo "1858"]
[BlackElo "1998"]
[Annotator "NA RC"]
[PlyCount "118"]
[EventDate "2019.11.14"]
[EventType "swiss"]
[EventCountry "POL"]
[SourceTitle "playchess.com"]
[Source "ChessBase"]
[SourceQuality "1"]
[TimeControl "5400+30"]

1. Nf3 {[%emt 0:00:00]} g6 {[%emt 0:00:00]} 2. g3 {[%emt 0:00:00]} Bg7 {[%emt 0:00:00]} 3. Bg2 {[%emt 0:00:00]} Nf6 {[%emt 0:00:00]} 4. c4 {[%emt 0:00:08]} O-O {[%emt 0:00:00]} 5. O-O {[%emt 0:00:09]} d6 {[%emt 0:00:04]} 6. Nc3 {[%emt 0:00:31]} Nc6 {[%emt 0:00:12]} 7. d3 {[%emt 0:00:55]} a6 {[%emt 0:01:04]} 8. Rb1 {[%emt 0:01:11]} Rb8 {[%emt 0:00:08] A16: English Opening: 1...Nf6 with ...d5} 9. Bg5 {[%emt 0:06:50]} (9. Nd2 Bd7 10. b4 b5 11. a3 Qc8 12. Bb2 Ne5 13. Ba1 Bh3 14. Nde4 Bxg2 15. Nxf6+ exf6 16. Kxg2 {0-1 (38) Mikhalevski,V (2579)-Hakobyan,A (2545) St Petersburg 2018}) 9... h6 {[%emt 0:07:24]} 10. Bd2 {[%emt 0:01:02]} Bd7 {[%emt 0:00:27]} 11. Qc1 $146 {[%emt 0:01:10]} ({Predecessor:} 11. a4 a5 12. e4 Bg4 13. h3 Bxf3 14. Bxf3 Nd7 15. Bg2 Nde5 {0-1 (60) Lueders,G (2261)-Lagunow,A (2440) Berlin 1999}) 11... Kh7 {[%emt 0:01:00]} 12. b4 {[%emt 0:00:19]} b5 {[%emt 0:03:02]} 13. Nd5 {[%emt 0:05:46]} Ng8 {[%emt 0:22:51]} 14. Qc2 {[%emt 0:16:30]} e6 {[%emt 0:00:29]} 15. Ne3 {[%emt 0:01:28]} Nd4 {[%emt 0:09:03]} 16. Nxd4 {[%emt 0:04:56]} Bxd4 {[%emt 0:00:03]} 17. Rfc1 {[%emt 0:04:55]} c6 {[%emt 0:03:21]} 18. Nd1 {[%emt 0:05:12]} d5 {[%emt 0:06:14]} 19. e3 {[%emt 0:06:04]} Bg7 {[%emt 0:00:22]} 20. Bc3 {[%emt 0:00:31]} Bxc3 {[%emt 0:03:26]} 21. Qxc3 {[%emt 0:02:04]} Qf6 {[%emt 0:03:06]} 22. f4 {[%emt 0:03:46]} bxc4 {[%emt 0:02:20]} 23. dxc4 {[%emt 0:00:55]} Qxc3 {[%emt 0:01:59]} 24. Nxc3 {[%emt 0:01:16]} Nf6 {[%emt 0:00:28]} 25. Na4 {[%emt 0:00:53]} Rfe8 {[%emt 0:02:47]} 26. Nc5 Bc8 27. Nd3 {[%emt 0:05:05]} Nd7 {[%emt 0:03:23]} 28. Kf2 {[%emt 0:07:36]} Bb7 {[%emt 0:06:35]} 29. a4 {[%emt 0:11:45]} Rec8 {[%emt 0:06:02]} 30. a5 {[%emt 0:01:33]} Kg7 {[%emt 0:01:39]} 31. g4 {[%emt 0:01:03]} Kf8 {[%emt 0:08:50]} 32. h4 {[%emt 0:00:53]} Ke7 {[%emt 0:00:18]} 33. g5 {[%emt 0:01:35]} hxg5 {[%emt 0:00:10]} 34. hxg5 {[%emt 0:00:13]} Ba8 {[%emt 0:01:41]} 35. cxd5 {[%emt 0:02:23]} cxd5 {[%emt 0:00:19]} 36. Ke2 {[%emt 0:02:13]} Bc6 {[%emt 0:01:03]} 37. Kd2 {[%emt 0:00:38]} Ba4 {[%emt 0:01:28]} 38. Rxc8 {[%emt 0:00:45]} Rxc8 {[%emt 0:00:05]} 39. Rc1 {[%emt 0:00:17]} Rh8 {[%emt 0:00:30]} 40. Kc3 {[%emt 0:01:44]} Kd6 {[%emt 0:00:59]} 41. Kd4 {[%emt 0:00:54]} Bb5 {[%emt 0:00:25] [#]} 42. e4 {[%emt 0:01:45]} (42. Ne5 $1 $16 {[%cal Re5f7]} Nxe5 43. fxe5+ Kd7 44. Bf1) 42... dxe4 {[%emt 0:01:45]} 43. Bxe4 {[%emt 0:00:18]} Rh4 {[%emt 0:00:38]} 44. Ke3 {[%emt 0:01:41]} Rh3+ {[%emt 0:01:11]} 45. Kd4 {[%emt 0:00:28]} Rh4 {[%emt 0:00:06]} 46. Rc8 {[%emt 0:00:35]} Rh2 $16 {[%emt 0:02:51]} (46... f6 $11 {keeps the balance.}) 47. Kc3 {[%emt 0:01:17]} e5 {[%emt 0:00:35]} 48. Nxe5 {[%emt 0:01:00]} Nxe5 {[%emt 0:00:06]} 49. fxe5+ {[%emt 0:00:24]} Kxe5 {[%emt 0:00:06]} 50. Bd3 {[%emt 0:01:11]} Rh3 {[%emt 0:00:42]} 51. Rc5+ {[%emt 0:00:25]} Kd6 {[%emt 0:00:25]} 52. Rxb5 {[%emt 0:00:54]} axb5 {[%emt 0:00:05]} 53. Kd4 {[%emt 0:00:22]} Rh4+ {[%emt 0:00:23]} 54. Be4 {[%emt 0:00:20]} Kc7 {[%emt 0:00:33]} 55. Kd5 {[%emt 0:01:04]} Rg4 {[%emt 0:00:12]} 56. Ke5 {[%emt 0:00:26]} Rxg5+ {[%emt 0:00:13]} 57. Kf6 {[%emt 0:00:26]} Rg4 {[%emt 0:00:10]} 58. Bd5 {[%emt 0:00:43]} Rxb4 {[%emt 0:00:38]} 59. Bxf7 {[%emt 0:00:14]} Rf4+ {[%emt 0:00:26]} *

[Event "68th Warsaw-ch-A 2019"]
[Site "Warsaw"]
[Date "2019.11.18"]
[Round "8.9"]
[White "Cyra, Dariusz"]
[Black "Urbaniak, Karol"]
[Result "1-0"]
[WhiteElo "1818"]
[BlackElo "1812"]
[Annotator "NA RC"]
[PlyCount "47"]
[EventDate "2019.11.14"]
[EventType "swiss"]
[EventCountry "POL"]
[SourceTitle "playchess.com"]
[Source "ChessBase"]
[SourceQuality "1"]
[TimeControl "5400+30"]

1. d4 {[%emt 0:00:00]} Nf6 {[%emt 0:01:02]} 2. Bf4 {[%emt 0:00:00]} d5 {[%emt 0:00:44]} 3. e3 {[%emt 0:00:08]} Bf5 {[%emt 0:01:49]} 4. c4 {[%emt 0:00:47]} e6 {[%emt 0:00:13]} 5. Qb3 {[%emt 0:00:50]} Nbd7 {[%emt 0:01:40]} 6. Nc3 {[%emt 0:01:46]} Bd6 {[%emt 0:01:57]} 7. Bxd6 {[%emt 0:07:33]} cxd6 {[%emt 0:00:09]} 8. cxd5 {[%emt 0:02:11]} Qa5 {[%emt 0:01:18]} 9. Bc4 {[%emt 0:04:27]} exd5 {[%emt 0:06:51]} 10. Bxd5 {[%emt 0:14:30]} Nxd5 {[%emt 0:03:31]} 11. Qxd5 {[%emt 0:00:25]} Qxd5 {[%emt 0:03:58]} 12. Nxd5 {[%emt 0:00:12]} Be4 {[%emt 0:00:51]} 13. Nf4 {[%emt 0:03:13]} g5 {[%emt 0:02:20]} 14. f3 {[%emt 0:00:15]} gxf4 {[%emt 0:04:19]} 15. fxe4 {[%emt 0:00:03]} fxe3 {[%emt 0:03:13]} 16. Ke2 {[%emt 0:18:30]} Rc8 {[%emt 0:02:32]} 17. Kxe3 {[%emt 0:01:20]} Rc2 {[%emt 0:00:21]} 18. Ne2 {[%emt 0:00:33]} Rxb2 {[%emt 0:00:46]} 19. Rhb1 {[%emt 0:00:18]} Rb6 {[%emt 0:02:11]} 20. Nf4 {[%emt 0:05:22]} Rg8 {[%emt 0:00:44]} 21. Kf3 {[%emt 0:05:24]} Rxb1 {[%emt 0:05:51]} 22. Rxb1 {[%emt 0:00:02]} b6 {[%emt 0:00:15]} 23. Rc1 {[%emt 0:04:12]} Rg5 {[%emt 0:02:10]} 24. Rc8+ {[%emt 0:10:08]} 1-0

[Event "68th Warsaw-ch-A 2019"]
[Site "Warsaw"]
[Date "2019.11.18"]
[Round "8.10"]
[White "Grochowski, Kosma"]
[Black "Derylo, Kamil"]
[Result "0-1"]
[WhiteElo "1920"]
[BlackElo "1969"]
[Annotator "NA RC"]
[PlyCount "102"]
[EventDate "2019.11.14"]
[EventType "swiss"]
[EventCountry "POL"]
[SourceTitle "playchess.com"]
[Source "ChessBase"]
[SourceQuality "1"]
[TimeControl "5400+30"]

1. e4 {[%emt 0:00:00]} e5 {[%emt 0:00:00]} 2. Nf3 {[%emt 0:00:00]} Nc6 {[%emt 0:00:00]} 3. Bb5 {[%emt 0:00:00]} a6 {[%emt 0:00:00]} 4. Ba4 {[%emt 0:00:00]} Nf6 {[%emt 0:00:00]} 5. O-O {[%emt 0:00:01]} Nxe4 {[%emt 0:00:01]} 6. d4 {[%emt 0:00:48]} b5 $14 {[%emt 0:00:15]} 7. Bb3 {[%emt 0:00:09]} d5 {[%emt 0:00:06]} 8. dxe5 {[%emt 0:08:39]} Be6 {[%emt 0:00:52]} 9. c3 {[%emt 0:01:49]} Be7 {[%emt 0:00:17]} 10. Re1 {[%emt 0:04:12]} O-O {[%emt 0:04:50]} 11. Nbd2 {[%emt 0:03:29]} Nc5 {[%emt 0:01:05]} 12. Bc2 {[%emt 0:01:39]} d4 {[%emt 0:00:58]} 13. cxd4 {[%emt 0:07:53]} Nxd4 {[%emt 0:01:30]} 14. Nxd4 {[%emt 0:00:02]} Qxd4 {[%emt 0:00:08]} 15. Nf1 {[%emt 0:02:51]} Rad8 {[%emt 0:04:50]} 16. Qxd4 {[%emt 0:01:15]} Rxd4 {[%emt 0:00:06]} 17. Be3 {[%emt 0:00:09]} Rd7 {[%emt 0:00:51]} 18. Rec1 {[%emt 0:19:21]} h6 {[%emt 0:05:50]} 19. f4 {[%emt 0:00:29]} f5 {[%emt 0:13:20]} 20. g3 {[%emt 0:14:30]} g5 {[%emt 0:03:43]} 21. Kf2 {[%emt 0:07:01]} Bd5 {[%emt 0:03:09]} 22. Nd2 {[%emt 0:01:23]} Kg7 {[%emt 0:01:26]} 23. Ke2 {[%emt 0:07:19]} Ne6 {[%emt 0:01:48]} 24. a4 {[%emt 0:04:33]} c5 {[%emt 0:07:40]} 25. axb5 {[%emt 0:00:02]} axb5 {[%emt 0:00:06]} 26. Ra5 {[%emt 0:00:33]} Rb7 {[%emt 0:01:42]} 27. Rca1 {[%emt 0:00:26]} g4 {[%emt 0:02:34]} 28. Ra7 {[%emt 0:03:35]} Kg6 {[%emt 0:00:44]} 29. Rxb7 {[%emt 0:03:56]} Bxb7 {[%emt 0:00:02]} 30. Ra7 {[%emt 0:00:19]} Rb8 {[%emt 0:01:00]} 31. b3 {[%emt 0:03:37]} Bd8 {[%emt 0:01:00]} 32. Bd3 {[%emt 0:01:18]} Bb6 {[%emt 0:01:39]} 33. Ra1 {[%emt 0:00:02]} Bc6 {[%emt 0:01:46]} 34. Ke1 {[%emt 0:00:51]} Rd8 {[%emt 0:02:51]} 35. Be2 {[%emt 0:01:29]} h5 {[%emt 0:01:18]} 36. Ra6 {[%emt 0:00:28]} Rb8 {[%emt 0:00:10]} 37. Nb1 {[%emt 0:00:55]} Nc7 {[%emt 0:00:57]} 38. Ra2 {[%emt 0:00:24]} Nd5 {[%emt 0:07:39]} 39. Bd2 {[%emt 0:00:35]} h4 {[%emt 0:02:12]} 40. Ra6 {[%emt 0:01:28]} hxg3 {[%emt 0:00:21]} 41. hxg3 {[%emt 0:00:02]} Nc7 {[%emt 0:00:10]} 42. Ra2 {[%emt 0:01:12]} Rh8 {[%emt 0:00:14]} 43. Bf1 {[%emt 0:01:02]} Rh2 {[%emt 0:02:47]} 44. Nc3 {[%emt 0:00:29]} c4 {[%emt 0:05:45]} 45. Bc1 {[%emt 0:01:40]} Rxa2 {[%emt 0:01:03]} 46. Nxa2 {[%emt 0:00:01]} cxb3 {[%emt 0:00:42]} 47. Nc3 {[%emt 0:00:30]} Ba5 {[%emt 0:03:12]} 48. Bb2 {[%emt 0:00:33]} Nd5 {[%emt 0:00:44]} 49. Kd2 {[%emt 0:00:02]} Nxc3 {[%emt 0:00:40]} 50. Bxc3 {[%emt 0:00:02]} b2 {[%emt 0:01:44]} 51. Bd3 {[%emt 0:01:32]} Be4 {[%emt 0:00:34]} 0-1